The 46 Year Pregnancy (Record no. 335095)
[ view plain ]
| 000 -LEADER | |
|---|---|
| fixed length control field | 00476nam a2200097Ia 4500 |
| 008 - FIXED-LENGTH DATA ELEMENTS--GENERAL INFORMATION | |
| fixed length control field | 170517s9999 xx 000 0 und d |
| 245 #4 - TITLE STATEMENT | |
| Title | The 46 Year Pregnancy |
| 300 ## - PHYSICAL DESCRIPTION | |
| Extent | In 1955, in a small village outside Casablanca, 26-year-old Zahra was pregnant with her first child. But after 48 hours of painful labor the baby was still not born. She was rushed to the local hospital, but in the... |
| 650 ## - SUBJECT ADDED ENTRY--TOPICAL TERM | |
| General subdivision | Technology. |
| 856 ## - ELECTRONIC LOCATION AND ACCESS | |
| Uniform Resource Identifier | <a href="http://topdocumentaryfilms.com/46-year-pregnancy/">http://topdocumentaryfilms.com/46-year-pregnancy/</a> |
| Withdrawn status | Lost status | Damaged status | Home library | Current library | Date acquired | Total Checkouts | Date last seen | Price effective from | Koha item type |
|---|---|---|---|---|---|---|---|---|---|
| College Library | College Library | 05/17/2017 | 05/17/2017 | 05/17/2017 | Documentary Films |